<?xml version="1.0" encoding="UTF-8"?>
<record
    xmlns:xsi="http://www.w3.org/2001/XMLSchema-instance"
    xsi:schemaLocation="http://www.loc.gov/MARC21/slim http://www.loc.gov/standards/marcxml/schema/MARC21slim.xsd"
    xmlns="http://www.loc.gov/MARC21/slim">

  <leader>01784agaaa2200325   4500</leader>
  <controlfield tag="001">0888</controlfield>
  <controlfield tag="003">IT-RoPAU</controlfield>
  <controlfield tag="005">20220918181248.0</controlfield>
  <controlfield tag="007">d cvaizq</controlfield>
  <controlfield tag="008">50131s9999||||xx ||| |     ||   ||und||</controlfield>
  <datafield tag="040" ind1=" " ind2=" ">
    <subfield code="a">IT-RoPAU</subfield>
    <subfield code="c">IT-RoPAU</subfield>
  </datafield>
  <datafield tag="041" ind1=" " ind2=" ">
    <subfield code="a">ITALIANO</subfield>
  </datafield>
  <datafield tag="100" ind1=" " ind2=" ">
    <subfield code="a">Rolando Giuseppe</subfield>
    <subfield code="g">Codice regista SPICS: 38574</subfield>
    <subfield code="9">40708</subfield>
  </datafield>
  <datafield tag="130" ind1=" " ind2=" ">
    <subfield code="a">ALBERO VERDE</subfield>
    <subfield code="9">47910</subfield>
  </datafield>
  <datafield tag="245" ind1=" " ind2=" ">
    <subfield code="a">ALBERO VERDE</subfield>
    <subfield code="c">Sceneggiatura: Berruti G. Rolando Giuseppe Perozzi J. Lappin P. Payliny A. -- Diretto da: Rolando Giuseppe</subfield>
    <subfield code="p">ALBERO VERDE (Rif. Codice opera principale : V0888)</subfield>
  </datafield>
  <datafield tag="250" ind1=" " ind2=" ">
    <subfield code="a">Edizione Standard</subfield>
  </datafield>
  <datafield tag="260" ind1=" " ind2=" ">
    <subfield code="a">(ITALIA)</subfield>
    <subfield code="b">ROLFILM / Distribuzione: SPF FIRENZE</subfield>
    <subfield code="g">"1966 (1&#xB0; ed.: 1993 ; Ed. Lingua Orig.: 1966)"</subfield>
  </datafield>
  <datafield tag="300" ind1=" " ind2=" ">
    <subfield code="a">16MM</subfield>
    <subfield code="b">sonoro, col.</subfield>
    <subfield code="c">80 minuti</subfield>
  </datafield>
  <datafield tag="508" ind1=" " ind2=" ">
    <subfield code="a">"Fotografia: Grasso A. Sacchi G.; Montaggio: Rolando Giuseppe; Musica: Ruggiero Happy; Sceneggiatura: Berruti G. Rolando Giuseppe Perozzi J. Lappin P. Payliny A.; Soggetto: Berruti G. -- Rolando Giuseppe"</subfield>
  </datafield>
  <datafield tag="511" ind1=" " ind2=" ">
    <subfield code="a">"Gho Roberto; Caravaggi A.; Peretti Natale; Terreno P.; Buttarelli P."</subfield>
  </datafield>
  <datafield tag="520" ind1=" " ind2=" ">
    <subfield code="a">LA RECLUSIONE DI UN CAPOFAMIGLIA COSTRETTO A RUBARE PER FAME SPINGE IL FIGLIO A COSTRUIRE UNA BANDA L'INCONTRO E LA PERSONALITA' DI DON BOSCO CONVINCERANNO IL RAGAZZO A VIVERE ONESTAMENTE. FILM IN BIANCO E NERO. PELLICOLA INBUONO STATO.</subfield>
  </datafield>
  <datafield tag="538" ind1=" " ind2=" ">
    <subfield code="a">MONO</subfield>
  </datafield>
  <datafield tag="546" ind1=" " ind2=" ">
    <subfield code="a">ITALIANO</subfield>
  </datafield>
  <datafield tag="650" ind1=" " ind2=" ">
    <subfield code="a">DRAMMATICO</subfield>
    <subfield code="e">PELLICOLE CINEMA [16 MM]</subfield>
    <subfield code="x">Codice MATERIA SPICS: 9955</subfield>
    <subfield code="9">47911</subfield>
  </datafield>
  <datafield tag="700" ind1=" " ind2=" ">
    <subfield code="a">Berruti G. </subfield>
    <subfield code="e">(soggetto)</subfield>
    <subfield code="g">Codice Soggetto SPICS: 38575</subfield>
    <subfield code="9">47912</subfield>
  </datafield>
  <datafield tag="700" ind1=" " ind2=" ">
    <subfield code="a">Rolando Giuseppe </subfield>
    <subfield code="e">(regista)</subfield>
    <subfield code="g">Codice regista SPICS: 38574</subfield>
    <subfield code="9">40708</subfield>
  </datafield>
  <datafield tag="700" ind1=" " ind2=" ">
    <subfield code="a">Rolando Giuseppe </subfield>
    <subfield code="e">(soggetto)</subfield>
    <subfield code="g">Codice Soggetto 2&#xB0; SPICS: 38574</subfield>
    <subfield code="9">47913</subfield>
  </datafield>
  <datafield tag="700" ind1=" " ind2=" ">
    <subfield code="a">Ruggiero Happy</subfield>
    <subfield code="e">(musica)</subfield>
    <subfield code="g">Codice Musica SPICS: 38576</subfield>
    <subfield code="9">47914</subfield>
  </datafield>
  <datafield tag="942" ind1=" " ind2=" ">
    <subfield code="c">MM</subfield>
    <subfield code="2">ddc</subfield>
  </datafield>
  <datafield tag="999" ind1=" " ind2=" ">
    <subfield code="c">106635</subfield>
    <subfield code="d">106635</subfield>
  </datafield>
  <datafield tag="952" ind1=" " ind2=" ">
    <subfield code="0">0</subfield>
    <subfield code="1">0</subfield>
    <subfield code="4">0</subfield>
    <subfield code="6">V_0888_000000000000000</subfield>
    <subfield code="7">1</subfield>
    <subfield code="a">SPICS</subfield>
    <subfield code="b">SPICS</subfield>
    <subfield code="d">2015-01-31</subfield>
    <subfield code="l">0</subfield>
    <subfield code="o">V0888</subfield>
    <subfield code="r">2015-01-31 00:00:00</subfield>
    <subfield code="w">2015-01-31</subfield>
    <subfield code="y">MM</subfield>
    <subfield code="z">Progr. Ins.: 1111 / N.Vol.:3 / Copie: 1 / Pag.:0 / Copia rara: n.d. / date import: 1.2.2015 / By Epidotti, Trombetti, Vaglietti - CUSTODITA PRESSO FILMOTECA VATICANA</subfield>
  </datafield>
</record>
